000 00238nam a2200097Ia 4500
001 1157262
005 20250827011238.0
008 250824s9999 xx 000 0 und d
245 0 _aEVE DÖNÜŞ YOLU
_cCORRİNNE AVERİSS
260 _bKETEBE
999 _c1157262
_d1157262